000 00680nam a2200217Ii 4500
003 JO-AjNU
008 230605s9999||||xx |||||||||||||| ||und||
017 _a80/2072
020 _a977-247-963-X
040 _aJO-AjNU
_bara
_erda
_cJO-AjNU
041 _aara
050 1 4 _aLB1043.B3 1980
100 3 _aفاين،بنيامين مؤلف/البغدادي،محمد رضا مترجم,
_eauthor
_917032
245 0 0 _aآلات التعليم
264 3 1 _aالقاهرة: دارالمعارف،1980
300 _a161ص
336 _atext
_btxt
_2rdacontent
337 _aunmediated
_bn
_2rdamedia
338 _avolume
_bnc
_2rdacarrier
650 4 _aرسائل تعليمية
_917033
999 _aA5176
_c8744
_d8744